000 00334pam a2200157a 44500
008 230515b1999 xxu||||| |||| 00| 0 eng d
020 _aNULL
041 _aENG
082 _aNULL
100 _aBUDHANANDA S
245 _aTHE MIND AND ITS CONTROL
250 _a0
260 _aNULL
_bNULL
_c1999
300 _a112
650 _aNULL
999 _c478434
_d478434